Online Catalogue and eLibrary

Aan Penn Arasiyal Pirathinithithuvam samamaanatha : (Record no. 5806)

MARC details
000 -LEADER
fixed length control field 00282nam a2200097Ia 4500
008 - FIXED-LENGTH DATA ELEMENTS--GENERAL INFORMATION
fixed length control field 240331s9999 xx 000 0 und d
082 ## - DDC Classification
Item Number - Author Mark LIY
100 ## - MAIN ENTRY--PERSONAL NAME
Personal name Liyanage,K
245 #0 - TITLE STATEMENT
Title Aan Penn Arasiyal Pirathinithithuvam samamaanatha :
Remainder of title pangu muraik kattupadu mattrum payanpadu
942 ## - Koha item type (Biblio)
Koha item type Books in Stacks (Lending)
Holdings
Lost status Damaged status Collection code Home library Current library Shelving location Date acquired Full call number Accession Number Item type
    Lending WERC Library WERC Library Social Science Cupboard 03/31/2024 323.34 LIY 6802 Books in Stacks (Lending)

© WERC Library